Riordan Communications Ltd v South Bucks DC (Record no. 63857)

MARC details
000 -LEADER
fixed length control field 01071cam a2200217 4500
001 - CONTROL NUMBER
control field ABS62521
008 - FIXED-LENGTH DATA ELEMENTS--GENERAL INFORMATION
fixed length control field 000000n2000 000 0 eng u
035 ## - SYSTEM CONTROL NUMBER
System control number (Sirsi) u106649
245 ## - TITLE STATEMENT
Title Riordan Communications Ltd v South Bucks DC
260 ## - PUBLICATION, DISTRIBUTION, ETC.
Date of publication, distribution, etc. 2000
490 ## - SERIES STATEMENT
Series statement Journal of Planning and Environment Law
Volume/sequential designation [2000] JPL June 2000, 594-604(11)
520 ## - SUMMARY, ETC.
Summary, etc. QBD 2 December 1999. The claimants R were granted planning permission for a development subject to a time limit of five years. The plans were commenced within the deadline, but then came to a halt and did not resume until four years later. The work stopped again and SB claimed that the orginal planning permission had lapsed because R lacked the genuine intention of carrying out the development. Held, claim allowed.
590 ## - LOCAL NOTE (RLIN)
Local note ABS
650 ## - SUBJECT ADDED ENTRY--TOPICAL TERM
Topical term or geographic name entry element RIORDAN COMMUNICATIONS LTD V SOUTH BUCKINGHAMSHIRE DC
650 ## - SUBJECT ADDED ENTRY--TOPICAL TERM
Topical term or geographic name entry element PLANNING PERMISSION
650 ## - SUBJECT ADDED ENTRY--TOPICAL TERM
Topical term or geographic name entry element TIME LIMITS
650 ## - SUBJECT ADDED ENTRY--TOPICAL TERM
Topical term or geographic name entry element INTENTION
650 ## - SUBJECT ADDED ENTRY--TOPICAL TERM
Topical term or geographic name entry element DEVELOPMENT
690 ## - LOCAL SUBJECT ADDED ENTRY--TOPICAL TERM (OCLC, RLIN)
Topical term or geographic name as entry element ENVIRONMENTAL AND LAND CONSULTANCY-PLANNING AND DEVELOPMENT
942 ## - ADDED ENTRY ELEMENTS (KOHA)
Suppress in OPAC 0
Holdings
Withdrawn status Lost status Source of classification or shelving scheme Damaged status Not for loan Home library Current library Shelving location Date acquired Total Checkouts Full call number Barcode Date last seen Copy number Price effective from Koha item type
    Dewey Decimal Classification     London London Journal article 22/06/2000   ABS62521 106649-1001 06/08/2019 1 06/08/2019 Law report